TV Bromances - Statistics

General Stats
  • This quiz has been taken 27 times
  • The average score is 7 of 16
Answer Stats
Bromance TV Show % Correct
Joey & Chandler Friends
88%
Dwight & Jim The Office
83%
Walter & Jesse Breaking Bad
79%
Ted & Marshall How I Met Your Mother
71%
Turk & JD Scrubs
63%
Sam & Dean Supernatural
50%
Troy & Abed Community
46%
Nick & Schmidt New Girl
46%
Booth & Sweets Bones
38%
Jake & Charles Brooklyn 99
29%
Tom & Jean Ralphio Parks and Recreation
29%
Shawn & Gus Psych
29%
Harvey & Mike Suits
25%
Cory & Shawn Boy Meets World
17%
Jason & Riggins Friday Night Lights
17%
Peter & Neal White Collar
13%
No matching quizzes found
Score Distribution
Percent of People with Each Score
Percentile by Number Answered
Your Score History
You have not taken this quiz